| 000 | 00448nam a2200169Ia 4500 | ||
|---|---|---|---|
| 003 | OSt | ||
| 005 | 20240122153207.0 | ||
| 008 | 230105s9999||||xx |||||||||||||| ||und|| | ||
| 020 | _a978-0-07-122004-0 | ||
| 040 | _cChuka University Library | ||
| 050 |
_aSBL QH 431 _bL49 2008 C |
||
| 100 |
_aLewis, Ricki _94310 |
||
| 245 | 0 | _aHuman genetics: Concepts and Applications | |
| 260 |
_aMcGraw hill _bNew York _c2008 |
||
| 300 | _ap446 | ||
| 942 |
_cBK _2lcc |
||
| 999 |
_c6899 _d6899 |
||